| 000 | 00478nam a2200169Ia 4500 | ||
|---|---|---|---|
| 999 |
_c12255 _d12255 |
||
| 003 | OSt | ||
| 005 | 20201103124750.0 | ||
| 008 | 190216s9999||||xx |||||||||||||| ||und|| | ||
| 040 | _coclc | ||
| 082 |
_a822.3 _bJON/B |
||
| 100 |
_aJonson, Ben _95085 |
||
| 245 | 0 |
_aBartholomew Fair / _cBen Jonson |
|
| 260 |
_b"Earnest Benn Limited ,london, _c1964. _aLondon: |
||
| 300 | _a137p | ||
| 650 | _aEnglish Drama | ||
| 942 |
_cBK _2ddc _h822.3 _iJON/B _k822.3 _mJON/B |
||